| 000 | 01762nam a2200265Ia 4500 | ||
|---|---|---|---|
| 999 |
_c51760 _d51760 |
||
| 001 | 18752 | ||
| 003 | GE_BSU | ||
| 005 | 20210405174515.0 | ||
| 008 | 181216s2016 ge |||||||||||||| ||geo|| | ||
| 040 | _cGE_BSU | ||
| 041 | _ageo | ||
| 080 | _a61 ლ-26 | ||
| 100 |
_aლასარეიშვილი, ბესარიონ _911080 |
||
| 245 |
_aიმუნური სისტემის ასაკობრივი თავისებურებები Т- უჯრედულ სუბპოპულაციებში / _cბესარიონ ლასარეიშვილი; სამეცნიერო ხელმძღვანელები: თინათინ ჩიქოვანი, ია ფანცულაია; თბილისის სახელმწიფო უნივერსიტეტი. |
||
| 264 |
_aთბილისი, _c2016. |
||
| 300 |
_a182 გვ. _b30 სმ. |
||
| 504 | _aბიბლიოგრაფია: გვ.:98-107; 119-120; 128-130; 154-158; 167-168; 181-182. | ||
| 653 | _aდისერტაცია | ||
| 653 | _aიმუნური სისტემის ასაკობრივი თავისებურებები Т-უჯრედულ სუბპოპულაციებში | ||
| 653 | _aმედიცინა | ||
| 700 |
_aჩიქოვანი,თინათინ _eსამეცნიერო ხელმძღვანელი _911081 |
||
| 700 |
_aფანცულაია, ია _eსამეცნიერო ხელმძღვანელი _911082 |
||
| 710 |
_aთბილისის სახელმწიფო უნივერსიტეტი _911083 |
||
| 942 |
_cBK _2udc |
||